000 004060000a22001570004500
020 _a84-7530-202-5
041 0 _aSPA
082 0 4 _aG 851.91 M763h
100 1 _aMontale, Eugenio
245 1 0 _aHuesos de sepia y otros poemas / Eugenio Montale ; Carlo Frabetti, Traductor
260 _aMadrid : Orbis
300 _a221 Pag
500 _aTítulo original : Tutte le poesie
001 13163
942 _cBK
999 _c42152
_d42152